Slovenská literatúra pre 3. ročník stredných všeobecnovzdelávacíh škôl /

Uložené v:
Podrobná bibliografia
Hlavný autor: Tomčík, Miloš, 1922-2009 (Author)
Médium: Kniha
Jazyk:Slovak
Vydané: Bratislava : Slovenské pedagogické nakladateľstvo, 1967.
Vydanie:2. vyd.
ISBN: (brož.)
Fyzický popis: 164 s.
Tagy: Pridať tag
Žiadne tagy, Buďte prvý kto otaguje tento záznam!

MARC

LEADER 00000nam a2200000 a 4500
001 000155949
005 20100619175943.0
008 040101s1967 xo e slood
020 |a (brož.)  |c Kčs 7,50 
040 |a SVKKK  |b slo  |c SVKKK  |e AACR2 
041 0 |a slo 
044 |a xo  |c SK 
100 1 |a Tomčík, Miloš,  |d 1922-2009.  |4 aut 
245 1 0 |a Slovenská literatúra pre 3. ročník stredných všeobecnovzdelávacíh škôl /  |c Miloš Tomčík. 
250 |a 2. vyd. 
260 |a Bratislava :  |b Slovenské pedagogické nakladateľstvo,  |c 1967. 
300 |a 164 s. 
910 |a svkkk 
998 |a BK 
090 |g SCKHL  |k Sklad Pribinova 2. posch.  |a II.161565  |j 390032  |i 155949-10  |s Absenčne